000 02383cam a2200445 i 4500
001 21092930
003 OSt
005 20260616153011.0
006 m |o d |
007 cr |||||||||||
008 190711s2019 ilu ob 001 0 eng
010 _a 2019028024
020 _a9780830873654
_q(ebook)
020 _z9780830852277
_q(paperback)
035 _a21092930
040 _aDLC
_beng
_cDLC
_erda
_dDLC
042 _apcc
050 0 0 _aBS1235.52
082 0 0 _a222/.1106082
_223
100 1 _aBenckhuysen, Amanda Joyce,
_eauthor.
245 1 4 _aThe gospel according to Eve :
_ba history of women's interpretation /
_cAmanda W. Benckhuysen.
264 1 _aDowners Grove, Illinois :
_bIVP Academic, an imprint of InterVarsity Press,
_c[2019]
300 _a1 online resource
336 _atext
_btxt
_2rdacontent
337 _acomputer
_bc
_2rdamedia
338 _aonline resource
_bcr
_2rdacarrier
504 _aIncludes bibliographical references and indexes.
505 0 _aInterpreting Eve -- Defending women's worth -- Promoting women's education -- Supporting women as wives and mothers -- Empowering women to preach and teach -- Forming the character of children -- Advocating for social reform -- Influencing gender ideology -- The legacy of Eve.
520 _a"Do women and men have different intellectual, spiritual, moral, or emotional capacities? Over the centuries, women have read and interpreted the story of Eve, scrutinizing the details of the text to discern God's word for them. Biblical scholar Amanda Benckhuysen traces the history of women's interpretation of Genesis 1-3, allowing the voices of women to speak of Eve's story and its implications for life today"--
_cProvided by publisher.
583 _aCataloguing:
_c20260616
_kgtanuigtanui
588 _aDescription based on print version record.
600 0 0 _aEve
_c(Biblical figure)
630 0 0 _aBible.
_pGenesis, I-III
_xFeminist criticism.
630 0 0 _aBible.
_pGenesis, I-III
_xCriticism, interpretation, etc.
650 0 _aWomen
_xReligious aspects
_xChristianity.
776 0 8 _iPrint version:
_aBenckhuysen, Amanda Joyce.
_tThe gospel according to Eve
_dDowners Grove, Illinois : IVP Academic, an imprint of InterVarsity Press, [2019]
_z9780830852277
_w(DLC) 2019028023
906 _a7
_bcbc
_corignew
_d1
_eecip
_f20
_gy-gencatlg
942 _2lcc
_cBK
999 _c21688
_d21687